Catálogo
 En Linea

La Plaza de la bandera y el derrumbe del pacto secreto de la corrupción / (Registro nro. 51882)

Detalles MARC
000 -CABECERA
campo de control de longitud fija 01684nam a2200289 i 4500
003 - IDENTIFICADOR DEL NÚMERO DE CONTROL
campo de control DO-SdBNP
005 - FECHA Y HORA DE LA ÚLTIMA TRANSACCIÓN
campo de control 20230425133037.0
007 - CAMPO FIJO DE DESCRIPCIÓN FÍSICA--INFORMACIÓN GENERAL
campo de control de longitud fija ta
008 - DATOS DE LONGITUD FIJA--INFORMACIÓN GENERAL
campo de control de longitud fija 220601b2021 dr aco|| |||| 00| 0 spa d
020 ## - NÚMERO INTERNACIONAL ESTÁNDAR DEL LIBRO
Número Internacional Estándar del Libro 9789945618570 ‎
040 ## - FUENTE DE LA CATALOGACIÓN
Centro catalogador/agencia de origen DO-SdBNP
Lengua de catalogación spa
Centro/agencia transcriptor BNPHU
Normas de descripción rda
082 #4 - NÚMERO DE LA CLASIFICACIÓN DECIMAL DEWEY
Número de edición 22
100 1# - ENTRADA PRINCIPAL--NOMBRE DE PERSONA
Nombre de persona Tavarez Suárez, Francisco Antonio
Fechas asociadas al nombre 1978-
9 (RLIN) 81751
245 10 - MENCIÓN DE TÍTULO
Título La Plaza de la bandera y el derrumbe del pacto secreto de la corrupción /
Mención de responsabilidad, etc. Francisco Tavarez EL Demócrata ; edición Rafael Álvarez de los Santos ; prólogo Ramón Santana.
264 ## - PRODUCCIÓN, PUBLICACIÓN, DISTRIBUCIÓN, FABRICACIÓN Y COPYRIGHT
Producción, publicación, distribución, fabricación y copyright Santo Domingo :
Nombre del de productor, editor, distribuidor, fabricante Amigo del Hogar,
Fecha de producción, publicación, distribución, fabricación o copyright 2021.
300 ## - DESCRIPCIÓN FÍSICA
Extensión 459 páginas :
Otras características físicas ilustraciones, fotos y retratos ;
Dimensiones 23 cm.
336 ## - TIPO DE CONTENIDO
Fuente rdacontent
Término de tipo de contenido texto
Código de tipo de contenido txt
337 ## - TIPO DE MEDIO
Fuente rdamedia
Nombre/término del tipo de medio sin mediación
Código del tipo de medio n
338 ## - TIPO DE SOPORTE
Fuente rdacarrier
Nombre/término del tipo de soporte volumen
Código del tipo de soporte nc
504 ## - NOTA DE BIBLIOGRAFÍA, ETC.
Nota de bibliografía, etc. Bibliografía : p. 457-459
505 0# - NOTA DE CONTENIDO CON FORMATO
Nota de contenido con formato Agradecimientos --
Título Dedicatoria --
-- Frases para reflexionar y repensar el origen, las causas y consecuencias de la corrupción --
-- A modo de prólogo --
-- Duarte nos convoca --
-- Introducción --
Información miscelánea Capítulo I
Título El pacto de la corrupción --
Información miscelánea Capítulo II
Título Los mercenarios de la política y la traición a la élite empresarial --
Información miscelánea Capítulo III
Título El último jinete del apocalipsis. Un engaño sorpresa --
Información miscelánea Capítulo IV
Título La Plaza de La Bandera y el Derrumbe del Pacto Secreto de la Corrupción --
Información miscelánea Capítulo V
Título El inicio del fin --
Información miscelánea Capítulo VI
Título El negocio de la impunidad caso pendientes de la corrupción --
-- Colofón --
-- Glosario.
590 ## - NOTA LOCAL (RLIN)
Nota local Inventariado, 2022 /LP<br/><br/>
700 1# - PUNTO DE ACCESO ADICIONAL--NOMBRE DE PERSONA
Nombre de persona Álvarez de los Santos, Rafael,
Término indicativo de función/relación edicción
9 (RLIN) 78017
700 1# - PUNTO DE ACCESO ADICIONAL--NOMBRE DE PERSONA
Nombre de persona Santana, Ramón,
Término indicativo de función/relación prólogo
9 (RLIN) 81752
910 ## - DATOS DE OPCIÓN DEL USUARIO (OCLC)
Datos de opción del usuario Lopérez
942 ## - ELEMENTOS DE PUNTO DE ACCESO ADICIONAL (KOHA)
Fuente del sistema de clasificación o colocación Dewey Decimal Classification
Tipo de ítem Koha Libro
Existencias
Estado de retiro Estado de pérdida Fuente del sistema de clasificación o colocación Restricciones de uso No para préstamo Código de colección Localización permanente Ubicación/localización actual Ubicación en estantería Fecha de adquisición Fuente de adquisición Código de barras Fecha visto por última vez Precio válido a partir de Tipo de ítem Koha Número de copia
    Dewey Decimal Classification Excluido de préstamo   Patrimonio Dominicano Biblioteca Nacional Pedro Henríquez Ureña Biblioteca Nacional Pedro Henríquez Ureña En catalogación 01.06.2022 Depósito Legal 2022-2583 01.06.2022 01.06.2022 Libro  
    Dewey Decimal Classification Excluido de préstamo   Patrimonio Dominicano Biblioteca Nacional Pedro Henríquez Ureña Biblioteca Nacional Pedro Henríquez Ureña En catalogación 01.06.2022 Depósito Legal 2022-2584 01.06.2022 01.06.2022 Libro e.2
    Dewey Decimal Classification Préstamo en sala   Dominicana de Servicio Biblioteca Nacional Pedro Henríquez Ureña Biblioteca Nacional Pedro Henríquez Ureña En catalogación 01.06.2022 Depósito Legal 2022-2585 01.06.2022 01.06.2022 Libro e.3

Con tecnología Koha